00390nam a2200133Ia 4500008004100000100002300041245001600064260000900080300002900089440002400118650002300142999001900165952007200184180117s9999 xx 000 0 und d aby Beth Day Romulo aAnother Day c2017 a24 pages, 2017 January 8 aPhilippine Panorama aINDIANS IN AMERICA c353559d353559 001040aCLbCLd2018-01-17l0r2018-01-17 00:00:00w2018-01-17ySE